LEADER 01514nam a2200337 i 4500 001 000000059242 003 CaOOAMICUS 005 20130722000000.0 008 130722s1997 xx u000 u eng u 013 $a30414 020 $a90-6186-839-4 020 $a90-6831-901-9 040 $aSeMil$bita 100 1 $aMoor, Johannes C. : de.$0(OLS)http://semarc/name/19724 245 14$aThe rise of Yahwism :$bthe roots of israelite monotheism /$cBy Johannes C. De Moor. 250 $aRevised and Enlarged Edition. 260 $aLeuven :$bUitgeverij Peeters,$c1997. 260 $aLeuven :$bUniversity Press,$c1997. 300 $aXV, 445,7 p. ;$c25 cm. 490 0 $aBibliotheca Ephemeridum Theologicarum Lovaniensium ;$v91. 650 4$aMonoteismo.$0(OLS)http://semarc/subject/1308 650 4$aTeologia biblica - AT.$0(OLS)http://semarc/subject/540 830 0$aBibliotheca Ephemeridum Theologicarum Lovaniensium ;$v91.$0(OLS)http://semarc/title/108 850 $aSeMil 852 $aSeMil$W1$xVenegono$y1$m2IA A 91/A$j25395$B25395$CSeMilBibl$Z2$F25398 $81 961 $aAcquisto: Glossa (Libreria) 996 $6020$a90-6186-839-4$9(OLS)http://semarc/number/35099 996 $6020$a90-6831-901-9$9(OLS)http://semarc/number/35100 996 $6245$aThe rise of Yahwism :$bthe roots of israelite monotheism$9(OLS)http://semarc/title/57920 996 $6260$aLeuven :$bUniversity Press$9(OLS)http://semarc/publisher/30124 996 $6260$aLeuven :$bUitgeverij Peeters$9(OLS)http://semarc/publisher/30123 LEADER 01026nam a2200241 i 4500 001 000000075095 003 CaOOAMICUS 005 20240723124627.0 008 110525s1828 it u000 u ita u 013 $a46267 026 $aallo o-ea e.O. DaSu (3) 1828 (A) 040 $aSeMil$bita 100 1 $aCastelbarco Visconti, Cesare,$d<1782-1860>.$0(OLS)http://semarc/name/37116 245 10$aDon Fausto e la sua biblioteca. Commedia in due atti. 260 $aVienna :$bNella Tip. dei PP. Mechitaristi,$c1828. 300 $a88 p. ;$c4°. 500 $aLettera dedicatoria firmata dall'autore Cesare di Castelbarco. 710 2 $aMechitaristi .$0(OLS)http://semarc/name/37117 850 $aSeMil 852 $aSeMil$W1$xVenegono$y1$m1D VII 11 FA$j41247$B41247$CSeMilBibl$Z2$F41251 $8I 996 $6245$aDon Fausto e la sua biblioteca. Commedia in due atti$9(OLS)http://semarc/title/121859 996 $6260$aVienna :$bNella Tip. dei PP. Mechitaristi$9(OLS)http://semarc/publisher/43215